<?xml version="1.0" encoding="UTF-8"?>
<record
    xmlns:xsi="http://www.w3.org/2001/XMLSchema-instance"
    xsi:schemaLocation="http://www.loc.gov/MARC21/slim http://www.loc.gov/standards/marcxml/schema/MARC21slim.xsd"
    xmlns="http://www.loc.gov/MARC21/slim">

  <leader>00743nam a2200217Ia 4500</leader>
  <datafield tag="999" ind1=" " ind2=" ">
    <subfield code="c">65268</subfield>
    <subfield code="d">65268</subfield>
  </datafield>
  <controlfield tag="005">20240530110816.0</controlfield>
  <controlfield tag="008">140319s2007    au a   f b    000 0 ara d</controlfield>
  <datafield tag="040" ind1=" " ind2=" ">
    <subfield code="a">GCL / </subfield>
    <subfield code="c">GCL</subfield>
  </datafield>
  <datafield tag="082" ind1="0" ind2="4">
    <subfield code="2">21</subfield>
    <subfield code="a">759 /</subfield>
    <subfield code="b">&#x647;&#x640; &#x634;</subfield>
  </datafield>
  <datafield tag="100" ind1="0" ind2=" ">
    <subfield code="a">&#x647;&#x62F;&#x649; &#x639;&#x628;&#x62F;&#x627;&#x644;&#x631;&#x62D;&#x645;&#x646; </subfield>
  </datafield>
  <datafield tag="245" ind1="1" ind2="2">
    <subfield code="a">&#x634;&#x645;&#x633; &#x644;&#x646; &#x62A;&#x63A;&#x64A;&#x628; :</subfield>
    <subfield code="b">&#x635;&#x644;&#x627;&#x62D; &#x637;&#x627;&#x647;&#x631; /</subfield>
    <subfield code="c">&#x647;&#x62F;&#x649; &#x639;&#x628;&#x62F;&#x627;&#x644;&#x631;&#x62D;&#x645;&#x646; </subfield>
  </datafield>
  <datafield tag="250" ind1=" " ind2=" ">
    <subfield code="a">&#x637;.1</subfield>
  </datafield>
  <datafield tag="260" ind1=" " ind2=" ">
    <subfield code="a">&#x627;&#x644;&#x642;&#x627;&#x647;&#x631;&#x629; : </subfield>
    <subfield code="b">&#x627;&#x644;&#x645;&#x624;&#x644;&#x641;&#x60C;</subfield>
    <subfield code="c">2007 .</subfield>
  </datafield>
  <datafield tag="300" ind1=" " ind2=" ">
    <subfield code="a">100 &#x635;. :</subfield>
    <subfield code="b">&#x627;&#x64A;&#x636;. &#x61B;</subfield>
    <subfield code="c">20 &#x633;&#x645;.</subfield>
  </datafield>
  <datafield tag="490" ind1="0" ind2=" ">
    <subfield code="a">&#x635;&#x627;&#x644;&#x648;&#x646; &#x63A;&#x627;&#x632;&#x649; &#x627;&#x644;&#x62B;&#x642;&#x627;&#x641;&#x649; &#x627;&#x644;&#x639;&#x631;&#x628;&#x649; : &#x643;&#x62A;&#x627;&#x628; &#x627;&#x644;&#x645;&#x648;&#x627;&#x647;&#x628; &#x61B;</subfield>
    <subfield code="v">&#x627;&#x644;&#x639;&#x62F;&#x62F; &#x627;&#x644;&#x62B;&#x627;&#x644;&#x62B; </subfield>
  </datafield>
  <datafield tag="600" ind1="0" ind2=" ">
    <subfield code="a">&#x635;&#x644;&#x627;&#x62D; &#x637;&#x627;&#x647;&#x631; </subfield>
  </datafield>
  <datafield tag="650" ind1="0" ind2="7">
    <subfield code="a">&#x627;&#x644;&#x631;&#x633;&#x627;&#x645;&#x648;&#x646;</subfield>
    <subfield code="2">qrmak</subfield>
  </datafield>
  <datafield tag="651" ind1=" " ind2=" ">
    <subfield code="2">qrmak</subfield>
  </datafield>
  <datafield tag="942" ind1=" " ind2=" ">
    <subfield code="2">ddc</subfield>
    <subfield code="c">BK</subfield>
  </datafield>
  <datafield tag="952" ind1=" " ind2=" ">
    <subfield code="0">0</subfield>
    <subfield code="1">0</subfield>
    <subfield code="4">0</subfield>
    <subfield code="7">0</subfield>
    <subfield code="a">CAI</subfield>
    <subfield code="b">CAI</subfield>
    <subfield code="c">ART-LIBRARY</subfield>
    <subfield code="d">2019-06-16</subfield>
    <subfield code="l">0</subfield>
    <subfield code="o">759 / &#x647;&#x640; &#x634;</subfield>
    <subfield code="p">165966</subfield>
    <subfield code="r">2019-06-16 00:00:00</subfield>
    <subfield code="w">2019-06-16</subfield>
    <subfield code="y">BK</subfield>
  </datafield>
</record>
